| 000 | 00446nam a2200181Ia 4500 | ||
|---|---|---|---|
| 003 | GCL | ||
| 008 | 140319s9999 xx 000 0 eng d | ||
| 040 |
_aGCL / _cGCL |
||
| 082 | 0 | 4 |
_a945 _bB I |
| 100 | 1 | _aBAEDEKER, KARL | |
| 245 | 1 | 0 |
_aITLAY: FROM THE ALPS TO NAPLES / _cBAEDEKER, KARL |
| 260 |
_a[S.N] : _bKARL BAEDEKER ، _c1959 |
||
| 300 | _a398 P | ||
| 650 | 0 | 4 | _aTRAVELERS |
| 650 | 0 | 4 | _aITALY |
| 650 | 0 | 4 | _aGUIDE BOOKS |
| 942 |
_2ddc _cBK |
||
| 999 |
_c15594 _d15594 |
||